Diccionario razonado de legislación y jurisprudencia

Dettagli Bibliografici
Autore principale: Escriche, Joaquín
Natura: Libro
Lingua:Spanish
Soggetti:

MARC

LEADER 00000cam a2200000 a 4500
001 708
005 20230308155119.0
008 000000|1863 ||||||||r|||||||||||spa||
040 |b spa 
041 0 |a Español 
082 0 |a 340.03 
100 1 |a Escriche, Joaquín  |9 9587 
245 |a Diccionario razonado de legislación y jurisprudencia  |c Joaquín Escriche  |h imp 
264 |a París  |b Libreria de Rosa y Bouret  |c 1863 
300 |a páginas: irreg.  |c 27.5 cm 
650 |a Diccionario de legislacion  |9 9588 
852 |a UC-CDJBV  |c COLONIALES  |f Compra  |k margarita.gutierrez  |l 1  |m Limitada  |p 00000000  |q 100.00  |t 708  |y 63414  |b 1  |d CDRC  |e CDRC  |g 340.03 COLONIALES  |z 0000-00-00 
856 |a http://sibuc.ucuenca.edu.ec/portada/708-cdj.jpg 
942 |c BK 
999 |c 4499  |d 4499